[Event "Hamburg St Pauli op-B"]
[Site "Hamburg"]
[Date "2014.07.22"]
[Round "4"]
[White "Kreusch, Frank"]
[Black "Floren, Dieter"]
[Result "1/2-1/2"]
[WhiteElo "1880"]
[BlackElo "1735"]
[PlyCount "76"]
[EventDate "2014.07.19"]
[EventType "swiss"]
[EventRounds "9"]
[EventCountry "GER"]
[SourceTitle "CBM 161 Extra"]
[Source "ChessBase"]
[SourceDate "2014.08.29"]
[SourceVersion "1"]
[SourceVersionDate "2014.08.29"]
[SourceQuality "1"]

1. e4 e5 2. Nf3 Nc6 3. Nc3 Nf6 4. d4 exd4 5. Nxd4 Bb4 6. Nxc6 bxc6 7. Bd3 d5 8. exd5 cxd5 9. 0-0 0-0 10. Bg5 c6 11. Qf3 h6 12. Bh4 g5 13. Bg3 Bg4 14. Bc7 Bxf3 15. Bxd8 Rfxd8 16. gxf3 Nh5 17. Ne2 Nf4 18. Nxf4 gxf4 19. Kg2 Re8 20. Kh3 Rab8 21. Rg1+ Kf8 22. Rg4 Bd6 23. b3 Re5 24. Rh4 Kg7 25. Rg1+ Rg5 26. Rxg5+ hxg5 27. Rh7+ Kf6 28. Rh6+ Ke7 29. Kg4 Rg8 30. Kf5 Rg7 31. Rh8 Bc5 32. Rb8 Bxf2 33. Rb7+ Kd6 34. Kf6 Bd4+ 35. Kf5 Be3 36. Kf6 Bd4+ 37. Kf5 Be3 38. Kf6 Bd4+ 1/2-1/2

[Event "Hamburg St Pauli op-A"]
[Site "Hamburg"]
[Date "2013.07.08"]
[Round "3"]
[White "Kreusch, Frank"]
[Black "Kock, Stefan"]
[Result "1/2-1/2"]
[WhiteElo "1953"]
[BlackElo "2100"]
[PlyCount "46"]
[EventDate "2013.07.06"]
[EventType "swiss"]
[EventRounds "9"]
[EventCountry "GER"]
[SourceTitle "CBM 155 Extra"]
[Source "ChessBase"]
[SourceDate "2013.08.26"]
[SourceVersion "1"]
[SourceVersionDate "2013.08.26"]
[SourceQuality "1"]

1. e4 c5 2. d4 cxd4 3. c3 g6 4. cxd4 Bg7 5. Nc3 d6 6. h3 Nf6 7. Nf3 a6 8. Be3 0-0 9. a4 b6 10. Bc4 Bb7 11. Qc2 Qc7 12. Bb3 Nbd7 13. Rc1 Rac8 14. 0-0 e6 15. Qd3 Qb8 16. Nd2 Qa8 17. Bg5 h6 18. Be3 Rfd8 19. Bc2 Ne8 20. Bb3 Kh7 21. Qe2 Nef6 22. Bc2 Ne8 23. Bb3 Nef6 1/2-1/2

[Event "Hamburg St Pauli op-A"]
[Site "Hamburg"]
[Date "2013.07.06"]
[Round "1"]
[White "Kreusch, Frank"]
[Black "Hawranke, Dietrich"]
[Result "1-0"]
[WhiteElo "1953"]
[BlackElo "2150"]
[PlyCount "41"]
[EventDate "2013.07.06"]
[EventType "swiss"]
[EventRounds "9"]
[EventCountry "GER"]
[SourceTitle "CBM 155 Extra"]
[Source "ChessBase"]
[SourceDate "2013.08.26"]
[SourceVersion "1"]
[SourceVersionDate "2013.08.26"]
[SourceQuality "1"]

1. e4 c5 2. d4 cxd4 3. c3 dxc3 4. Nxc3 Nc6 5. Nf3 d6 6. Bc4 e6 7. Qe2 Be7 8. 0-0 Nf6 9. Rd1 e5 10. Be3 0-0 11. Rac1 Bg4 12. h3 Bxf3 13. Qxf3 Rc8 14. Nd5 Nxd5 15. Bxd5 Qa5 16. a3 Bf6 17. Bxc6 Rxc6 18. Rxc6 bxc6 19. Rxd6 Qc7 20. Rxf6 gxf6 21. Bh6 1-0

[Event "Hamburg St Pauli op-A"]
[Site "Hamburg"]
[Date "2010.07.11"]
[Round "2"]
[White "Kreusch, Frank"]
[Black "Villwock, Martin"]
[Result "1-0"]
[WhiteElo "1998"]
[BlackElo "2197"]
[PlyCount "57"]
[EventDate "2010.07.10"]
[EventType "swiss"]
[EventRounds "9"]
[EventCountry "GER"]
[SourceTitle "EXT 2013"]
[Source "ChessBase"]
[SourceDate "2012.11.22"]
[SourceVersion "1"]
[SourceVersionDate "2012.11.22"]
[SourceQuality "1"]

1. e4 e5 2. Nf3 Nc6 3. Nc3 g6 4. Bc4 Bg7 5. d3 Nge7 6. Ng5 0-0 7. h4 h5 8. g4 hxg4 9. h5 d5 10. Nxd5 Qd6 11. Nxe7+ Nxe7 12. h6 Bf6 13. h7+ Kh8 14. Nxf7+ Rxf7 15. Bxf7 Bd7 16. Bd2 Qb6 17. Bc3 Rf8 18. Bb3 g3 19. Qf3 Nf5 20. exf5 Bc6 21. Qxg3 Bxh1 22. 0-0-0 Qc6 23. fxg6 Bd5 24. Rg1 Kg7 25. Bxe5 Bxb3 26. axb3 Re8 27. Bxf6+ Qxf6 28. Qxc7+ Re7 29. Qb8 1-0

[Event "Queenstown op"]
[Site "Queenstown"]
[Date "2006.01.19"]
[Round "5"]
[White "Kreusch, Frank"]
[Black "Smith, Robert Wayne"]
[Result "0-1"]
[WhiteElo "2037"]
[BlackElo "2262"]
[PlyCount "90"]
[EventDate "2006.01.15"]
[EventType "swiss"]
[EventRounds "10"]
[EventCountry "NZL"]
[SourceTitle "CBM 110 Extra"]
[Source "ChessBase"]
[SourceDate "2006.03.10"]
[SourceVersion "2"]
[SourceVersionDate "2006.03.10"]
[SourceQuality "1"]

1. e4 d6 2. d4 Nf6 3. Nc3 g6 4. Be3 c6 5. a4 a5 6. f3 Qc7 7. Bc4 Bg7 8. Qd2 0-0 9. h4 h5 10. Nh3 Bxh3 11. Rxh3 Nbd7 12. Bb3 e5 13. d5 c5 14. Nb5 Qb8 15. Bc4 Kh7 16. Bg5 Ng8 17. 0-0-0 Nb6 18. Na3 Nxa4 19. g4 Nb6 20. gxh5 gxh5 21. Qe2 Nxc4 22. Nxc4 b5 23. Ne3 f6 24. f4 Qe8 25. Rg1 Bh6 26. Nf5 fxg5 27. hxg5 Rxf5 28. exf5 exf4 29. Qxe8 Rxe8 30. f6 Nxf6 31. gxf6 Re5 32. Rgh1 Kg6 33. f7 Rxd5 34. Rh4 f3+ 35. Kb1 Rf5 36. c3 f2 37. Rf1 d5 38. Kc2 Be3 39. Kd3 d4 40. cxd4 Bxd4 41. Ke4 Rxf7 42. Rh2 a4 43. Rg2+ Kf6 44. Rgxf2+ Bxf2 45. Rxf2+ Ke6 0-1

[Event "Seefeld op 16th"]
[Site "Seefeld"]
[Date "2005.09.20"]
[Round "4"]
[White "Kreusch, Frank"]
[Black "Thonig, Manfred"]
[Result "1-0"]
[WhiteElo "2037"]
[BlackElo "1913"]
[PlyCount "119"]
[EventDate "2005.09.17"]
[EventType "swiss"]
[EventRounds "9"]
[EventCountry "AUT"]
[SourceTitle "EXT 2007"]
[Source "ChessBase"]
[SourceDate "2006.11.23"]
[SourceVersion "1"]
[SourceVersionDate "2006.11.23"]
[SourceQuality "1"]

1. e4 g6 2. d4 Bg7 3. Nc3 d6 4. Be3 e6 5. Qd2 Nd7 6. Bd3 a6 7. f4 b5 8. Nf3 Bb7 9. 0-0 f5 10. Ng5 Nf8 11. exf5 exf5 12. Rae1 Ne7 13. Bf2 h6 14. Nh3 Nd7 15. Re6 Bf6 16. Qe1 Kf7 17. Re2 Qg8 18. Be3 d5 19. Nd1 Re8 20. Qa5 c5 21. dxc5 d4 22. Qc7 Bc6 23. Bd2 Kg7 24. Rxe7+ Bxe7 25. Qxc6 Nxc5 26. Nhf2 Nxd3 27. Nxd3 Bf6 28. Ne5 g5 29. Qd7+ Re7 30. Qxf5 Bxe5 31. fxe5 Rf7 32. Qd3 Rxf1+ 33. Kxf1 Qd5 34. c3 Rf8+ 35. Kg1 Qxa2 36. Qxd4 Qb3 37. Be3 Qe6 38. Qd6 Qc4 39. Bf2 Qe2 40. h3 Rxf2 41. Nxf2 Qe1+ 42. Kh2 Qxf2 43. Qd4 Qf4+ 44. g3 Qxd4 45. cxd4 Kf7 46. Kg2 Ke6 47. Kf2 Kd5 48. Ke3 a5 49. Kd3 h5 50. h4 g4 51. Kc3 Ke6 52. b3 Kd5 53. Kd3 b4 54. Ke3 a4 55. bxa4 Kc4 56. Kd2 Kb3 57. e6 Ka2 58. e7 b3 59. e8Q b2 60. Qb8 1-0

[Event "Leipzig VfB op 12th"]
[Site "Leipzig"]
[Date "2005.03.02"]
[Round "2"]
[White "Holz auf der Heide, Gerhard"]
[Black "Kreusch, Frank"]
[Result "0-1"]
[WhiteElo "1639"]
[BlackElo "2036"]
[PlyCount "76"]
[EventDate "2005.01.03"]
[EventType "swiss"]
[EventRounds "9"]
[EventCountry "GER"]
[SourceTitle "EXT 2008"]
[Source "ChessBase"]
[SourceDate "2007.11.25"]
[SourceVersion "1"]
[SourceVersionDate "2007.11.25"]
[SourceQuality "1"]

1. b4 c6 2. Bb2 a5 3. b5 cxb5 4. e3 b4 5. c3 Nc6 6. cxb4 Nxb4 7. a3 Nc6 8. Nf3 Nf6 9. Be2 e6 10. 0-0 Be7 11. d4 d5 12. Nc3 0-0 13. Qd2 Rb8 14. Bd3 h6 15. Rfc1 Bd7 16. Rc2 Ne8 17. e4 dxe4 18. Nxe4 Nf6 19. Nc3 Na7 20. Qe2 Bc6 21. Rd1 Nd5 22. Nxd5 Bxd5 23. Rdc1 Nc6 24. Bc4 Bxf3 25. Qxf3 Nxd4 26. Bxd4 Qxd4 27. Rd1 Qc5 28. a4 Rfd8 29. Bb3 Qb4 30. Rxd8+ Rxd8 31. g3 b5 32. axb5 Qxb5 33. Rc7 Bf6 34. Rb7 Qa6 35. Qe4 Rc8 36. Ba4 Rc1+ 37. Kg2 Qf1+ 38. Kf3 Qh1+ 0-1

[Event "Bad Wildbad op"]
[Site "Bad Wildbad"]
[Date "2004.11.05"]
[Round "8"]
[White "Kreusch, Frank"]
[Black "Bielmeier, Ludwig"]
[Result "0-1"]
[WhiteElo "2042"]
[BlackElo "2178"]
[PlyCount "106"]
[EventDate "2004.10.??"]
[EventType "swiss"]
[EventRounds "9"]
[EventCountry "GER"]
[SourceTitle "EXT 2005"]
[Source "ChessBase"]
[SourceDate "2004.11.15"]
[SourceVersion "1"]
[SourceVersionDate "2004.11.15"]
[SourceQuality "1"]

1. e4 c6 2. Nc3 d5 3. Qf3 dxe4 4. Nxe4 Nd7 5. d4 Ngf6 6. c3 Nxe4 7. Qxe4 Nf6 8. Qf3 Bg4 9. Qg3 e6 10. h3 Bf5 11. Be2 Bg6 12. Bg5 Qb6 13. Bc1 c5 14. Nf3 Bd6 15. Qg5 Ne4 16. Qe3 cxd4 17. cxd4 Bb4+ 18. Nd2 Bxd2+ 19. Bxd2 Qxb2 20. Rd1 0-0 21. a3 Rfd8 22. Bc1 Qb6 23. 0-0 Rac8 24. Bf3 Rc3 25. Qf4 Nf6 26. Qe5 Rb3 27. Rfe1 Rb5 28. Qe2 Rc8 29. d5 exd5 30. Bxd5 h6 31. Be3 Qa5 32. Bc4 Re5 33. Qa2 Rce8 34. Kf1 Qc3 35. Kg1 b5 36. Bf1 Qc8 37. Rc1 Qb7 38. Red1 a6 39. Qb2 Kh7 40. Bd4 R5e6 41. a4 b4 42. a5 Be4 43. Bc4 Rd6 44. f3 Bg6 45. Bb3 Qb5 46. Qa2 Re2 47. Qa1 Qg5 48. Bf2 Rxd1+ 49. Bxd1 Re5 50. Bb6 Re1+ 51. Kf2 Qd2+ 52. Kg3 Nh5+ 53. Kh2 Qf4+ 0-1

[Event "Muehlhausen op 11th"]
[Site "Muehlhausen"]
[Date "2004.05.20"]
[Round "2"]
[White "Kreusch, Frank"]
[Black "Teske, Henrik"]
[Result "0-1"]
[WhiteElo "2048"]
[BlackElo "2526"]
[PlyCount "48"]
[EventDate "2004.05.??"]
[EventType "swiss"]
[EventRounds "7"]
[EventCountry "GER"]
[SourceTitle "CBM 100 Extra"]
[Source "ChessBase"]
[SourceDate "2004.07.06"]
[SourceVersion "2"]
[SourceVersionDate "2004.07.06"]
[SourceQuality "1"]

1. e4 c5 2. d4 cxd4 3. c3 d5 4. exd5 Nf6 5. Nf3 Nxd5 6. Nxd4 e5 7. Nb5 Be6 8. c4 Nb4 9. Qxd8+ Kxd8 10. N1a3 a6 11. Nc3 Bc5 12. Be3 Nd7 13. Be2 Ke7 14. 0-0 Rhd8 15. Bf3 Bxe3 16. fxe3 Nc5 17. Rad1 f5 18. Nd5+ Bxd5 19. Bxd5 g6 20. Rf2 Ncd3 21. Rfd2 Nxd5 22. cxd5 e4 23. Rxd3 exd3 24. Rxd3 Rac8 0-1

[Event "Seefeld op 13th"]
[Site "Seefeld"]
[Date "2002.09.20"]
[Round "7"]
[White "Kreusch, Frank"]
[Black "Wiesbeck, Florian"]
[Result "0-1"]
[WhiteElo "2075"]
[BlackElo "1822"]
[PlyCount "60"]
[EventDate "2002.09.14"]
[EventType "swiss"]
[EventRounds "9"]
[EventCountry "AUT"]
[SourceTitle "EXT 2007"]
[Source "ChessBase"]
[SourceDate "2006.11.23"]
[SourceVersion "1"]
[SourceVersionDate "2006.11.23"]
[SourceQuality "1"]

1. e4 c5 2. d4 cxd4 3. c3 Nf6 4. e5 Nd5 5. Bc4 Qc7 6. Qe2 Nb6 7. Bb3 d3 8. Qe3 d5 9. Nf3 Nc6 10. 0-0 e6 11. Re1 Nc4 12. Qf4 b5 13. Nbd2 Bb7 14. Nxc4 dxc4 15. Bd1 Ne7 16. Nd4 Ng6 17. Qg3 Qd7 18. h4 Bc5 19. Nf3 0-0 20. Ng5 f6 21. exf6 Rxf6 22. Be3 Bxe3 23. Rxe3 Raf8 24. Nxe6 Rxe6 25. Bg4 Rxe3 26. fxe3 Qe7 27. Re1 Qxh4 28. Qxh4 Nxh4 29. e4 Re8 30. e5 Nxg2 0-1

[Event "Seefeld op 13th"]
[Site "Seefeld"]
[Date "2002.09.14"]
[Round "1"]
[White "Kreusch, Frank"]
[Black "Murey, Jacob"]
[Result "0-1"]
[WhiteElo "2075"]
[BlackElo "2496"]
[PlyCount "52"]
[EventDate "2002.09.14"]
[EventType "swiss"]
[EventRounds "9"]
[EventCountry "AUT"]
[SourceTitle "EXT 2007"]
[Source "ChessBase"]
[SourceDate "2006.11.23"]
[SourceVersion "1"]
[SourceVersionDate "2006.11.23"]
[SourceQuality "1"]

1. e4 c5 2. d4 cxd4 3. c3 dxc3 4. Nxc3 Nc6 5. Nf3 h6 6. Bc4 g5 7. Nd4 Bg7 8. Nf5 Bxc3+ 9. bxc3 Nf6 10. 0-0 d5 11. exd5 Bxf5 12. dxc6 Qxd1 13. Rxd1 bxc6 14. Ba3 Rb8 15. Re1 Rb7 16. Ba6 Rc7 17. Bd6 Rd7 18. Bc5 Ne4 19. Bd4 0-0 20. f3 Nd6 21. a4 f6 22. Ra2 Rfd8 23. Bc5 Bg6 24. Rd2 Bf7 25. Rb2 Bc4 26. Bxd6 Bxa6 0-1

[Event "Werther Schloss op-A 7th"]
[Site "Werther"]
[Date "2001.04.07"]
[Round "3"]
[White "Kreusch, Frank"]
[Black "Stoeckmann, Helmut"]
[Result "1/2-1/2"]
[WhiteElo "2040"]
[BlackElo "2172"]
[PlyCount "49"]
[EventDate "2001.04.06"]
[EventType "swiss"]
[EventRounds "5"]
[EventCountry "GER"]
[SourceTitle "EXT 2002"]
[Source "ChessBase"]
[SourceDate "2001.11.25"]
[SourceVersion "1"]
[SourceVersionDate "2001.11.25"]
[SourceQuality "1"]

1. e4 c5 2. d4 cxd4 3. c3 d3 4. Bxd3 d6 5. Nf3 Nf6 6. Bg5 Nbd7 7. Nbd2 g6 8. Bb5 Bg7 9. e5 dxe5 10. Nxe5 0-0 11. Nxd7 Bxd7 12. Bxd7 Qxd7 13. 0-0 Qf5 14. Nf3 Rfd8 15. Qb3 b6 16. Rad1 h6 17. Be3 e5 18. Rfe1 Ng4 19. h3 Nxe3 20. Rxe3 Bf6 21. Rde1 Re8 22. Nd4 Qd7 23. Nf3 Qf5 24. Nd4 Qd7 25. Nf3 1/2-1/2

[Event "Werther Schloss op-A 7th"]
[Site "Werther"]
[Date "2001.04.06"]
[Round "1"]
[White "Kreusch, Frank"]
[Black "Rizouk, Aimen"]
[Result "0-1"]
[WhiteElo "2040"]
[BlackElo "2373"]
[PlyCount "106"]
[EventDate "2001.04.06"]
[EventType "swiss"]
[EventRounds "5"]
[EventCountry "GER"]
[SourceTitle "EXT 2002"]
[Source "ChessBase"]
[SourceDate "2001.11.25"]
[SourceVersion "1"]
[SourceVersionDate "2001.11.25"]
[SourceQuality "1"]

1. e4 e5 2. Nf3 Nc6 3. Nc3 Nf6 4. d4 exd4 5. Nxd4 Bb4 6. Nxc6 bxc6 7. Bd3 d5 8. exd5 cxd5 9. 0-0 0-0 10. Bg5 c6 11. Qf3 Be7 12. Rfe1 h6 13. Bh4 Rb8 14. Na4 Rb4 15. Rxe7 Qxe7 16. Bxf6 Qxf6 17. Qxf6 gxf6 18. b3 Re8 19. Nc3 Kg7 20. Ne2 Bf5 21. Bxf5 Rxe2 22. Kf1 Re5 23. Bd3 a5 24. f3 c5 25. Rd1 Rb6 26. a4 Rb4 27. Bb5 Rd4 28. Rxd4 cxd4 29. Bd3 Kf8 30. Kf2 Ke7 31. Kg3 Kd6 32. f4 Re1 33. Kg4 Rg1 34. g3 Rg2 35. h4 Rg1 36. Kf3 Re1 37. Kg4 Re3 38. h5 Re1 39. Kf5 Ke7 40. Kg4 Ke6 41. Bf5+ Kd6 42. Bd3 Rh1 43. Bh7 Rh2 44. Bd3 Rh1 45. Bh7 Re1 46. Bd3 Kc5 47. Kf5 Re6 48. g4 Kd6 49. g5 fxg5 50. fxg5 Re5+ 51. Kf6 Rxg5 52. Kxf7 Rxh5 53. Kg6 Rh1 0-1

[Event "Seefeld op 10th"]
[Site "Seefeld"]
[Date "1999.09.19"]
[Round "9"]
[White "Kreusch, Frank"]
[Black "Medunova, Vera"]
[Result "1/2-1/2"]
[WhiteElo "1861"]
[BlackElo "2216"]
[PlyCount "89"]
[EventDate "1999.09.11"]
[EventType "swiss"]
[EventRounds "9"]
[EventCountry "AUT"]
[SourceTitle "EXT 2001"]
[Source "ChessBase"]
[SourceDate "2000.11.22"]
[SourceVersion "1"]
[SourceVersionDate "2000.11.22"]
[SourceQuality "1"]

1. e4 c5 2. d4 cxd4 3. c3 dxc3 4. Nxc3 Nc6 5. Nf3 d6 6. Bc4 e6 7. Qe2 Be7 8. 0-0 Nf6 9. Rd1 Qc7 10. Be3 0-0 11. Rac1 Ng4 12. Bf4 Nge5 13. Bb3 a6 14. Nxe5 dxe5 15. Be3 Qa5 16. Na4 Nd4 17. Bxd4 exd4 18. Rxd4 b5 19. Nc3 Bc5 20. Rd2 Qb6 21. Rdc2 Bd4 22. Qe1 Bb7 23. Rd2 Rac8 24. Bc2 Bxc3 25. bxc3 Rxc3 26. Rcd1 g6 27. Bb3 Rfc8 28. h3 a5 29. Rb1 Qc5 30. Qe2 Bc6 31. Qg4 Qe5 32. f3 a4 33. Bd1 Qc5+ 34. Kh2 b4 35. Qf4 e5 36. Qf6 Re8 37. h4 h5 38. Rbb2 Rb8 39. Rd6 Be8 40. Rd8 Rxd8 41. Qxd8 Qb5 42. Be2 Qd7 43. Qxd7 Bxd7 44. Rxb4 Be6 45. Rxa4 1/2-1/2

[Event "Seefeld op 10th"]
[Site "Seefeld"]
[Date "1999.09.14"]
[Round "4"]
[White "Igney, Volkhard"]
[Black "Kreusch, Frank"]
[Result "1-0"]
[WhiteElo "2165"]
[BlackElo "1861"]
[PlyCount "39"]
[EventDate "1999.09.11"]
[EventType "swiss"]
[EventRounds "9"]
[EventCountry "AUT"]
[SourceTitle "EXT 2001"]
[Source "ChessBase"]
[SourceDate "2000.11.22"]
[SourceVersion "1"]
[SourceVersionDate "2000.11.22"]
[SourceQuality "1"]

1. d4 Nf6 2. c4 g6 3. Nc3 d5 4. Nf3 Bg7 5. Bf4 0-0 6. Rc1 c6 7. e3 Qa5 8. Be2 Ne4 9. a3 Nd7 10. cxd5 cxd5 11. 0-0 Nxc3 12. Rxc3 Qd8 13. Bc7 Qe8 14. Qb3 Nf6 15. Bb5 Bd7 16. Bxd7 Qxd7 17. Ne5 Qf5 18. Qxb7 Ne8 19. Qxa8 Nxc7 20. Qb7 1-0